The Building (Amendment) Regulations 2011 (Record no. 112424)

MARC details
000 -LEADER
fixed length control field 01878cad a22002655a 4500
001 - CONTROL NUMBER
control field L153227
008 - FIXED-LENGTH DATA ELEMENTS--GENERAL INFORMATION
fixed length control field 110627e20110316xxk f l f000 0 eng d
020 ## - INTERNATIONAL STANDARD BOOK NUMBER
International Standard Book Number 9781409830122
035 ## - SYSTEM CONTROL NUMBER
System control number (Sirsi) u153227
041 0# - LANGUAGE CODE
Language code of text/sound track or separate title eng
110 1# - MAIN ENTRY--CORPORATE NAME
Corporate name or jurisdiction name as entry element United Kingdom
Subordinate unit Department for Communities and Local Government
9 (RLIN) 4939
245 04 - TITLE STATEMENT
Title The Building (Amendment) Regulations 2011
Remainder of title competent person schemes, impact assessment
Medium [electronic resource]
260 ## - PUBLICATION, DISTRIBUTION, ETC.
Place of publication, distribution, etc. London
Name of publisher, distributor, etc. DCLG
Date of publication, distribution, etc. 2011
520 ## - SUMMARY, ETC.
Summary, etc. The significant amount and types of building work subject to the Building Regulations cannot be practicably accommodated within the traditional building control framework. Competent Person Schemes (CPS) are a mechanism to allow registered installers who have been assessed as competent to self-certify that their building work complies with the regulations. This removes the burden for installers and consumers having to notify the work to a building control body in advance and pay a charge for the building control body to check the work. Competent Person Schemes therefore provide an alternative, cost effective and deregulatory means of ensuring compliance with the Building Regulations. DCLG proposes to extend the scope of some existing Competent Person Schemes to cover further types of work where the incidence of risk justifies this approach.
521 2# - TARGET AUDIENCE NOTE
Target audience note Advanced
590 ## - LOCAL NOTE (RLIN)
Local note KA NTK
650 24 - SUBJECT ADDED ENTRY--TOPICAL TERM
Topical term or geographic name entry element BUILDING REGULATIONS 2000
650 24 - SUBJECT ADDED ENTRY--TOPICAL TERM
Topical term or geographic name entry element BUILDING (APPROVED INSPECTORS ETC.) REGULATIONS 2000
650 24 - SUBJECT ADDED ENTRY--TOPICAL TERM
Topical term or geographic name entry element BUILDING AND APPROVED INSPECTORS (AMENDMENT) REGULATIONS 2009
650 24 - SUBJECT ADDED ENTRY--TOPICAL TERM
Topical term or geographic name entry element BUILDING (AMENDMENT NO.2) REGULATIONS 2009
651 #4 - SUBJECT ADDED ENTRY--GEOGRAPHIC NAME
Geographic name England and Wales
Chronological subdivision 1543-
690 ## - LOCAL SUBJECT ADDED ENTRY--TOPICAL TERM (OCLC, RLIN)
Topical term or geographic name as entry element Building regulations
9 (RLIN) 6224
856 40 - ELECTRONIC LOCATION AND ACCESS
Uniform Resource Identifier <a href="https://www.communities.gov.uk/documents/planningandbuilding/pdf/1928885.pdf">https://www.communities.gov.uk/documents/planningandbuilding/pdf/1928885.pdf</a>
Public note View the document free of charge at www.communities.gov.uk
942 ## - ADDED ENTRY ELEMENTS (KOHA)
Suppress in OPAC 0
Holdings
Withdrawn status Lost status Source of classification or shelving scheme Damaged status Not for loan Home library Current library Shelving location Date acquired Total Checkouts Full call number Barcode Date last seen Copy number Price effective from Koha item type
    Dewey Decimal Classification     Virtual Virtual Online 27/06/2011   ONLINE PUBLICATION 153227-2001 06/08/2019 1 06/08/2019 Book